| 000 | 00983nam a2200277 i 4500 | ||
|---|---|---|---|
| 001 | 172620 | ||
| 003 | ES-MaACL | ||
| 005 | 20240202163048.0 | ||
| 008 | 090730s1991 sp |||| | spa d | ||
| 017 | _aM 32632-1991 | ||
| 020 | _a84-239-7236-4 | ||
| 080 | _a821.134.2-23"19" | ||
| 100 | 1 |
_aMachado, Manuel, _d1874-1947 _975161 |
|
| 245 | 1 | 0 |
_aDesdichas de la fortuna o Julianillo Valcárcel _b; Juan de Mañara / _cManuel y Antonio Machado ; edición, Dámaso Chicharro Chamorro. |
| 246 | 1 | 0 | _aJulianillo Valcárcel |
| 260 |
_aMadrid : _bEspasa-Calpe, _c1991. |
||
| 300 |
_a298 p. ; _c18 cm. |
||
| 490 | 1 |
_aAustral. Literatura ; _v236 |
|
| 504 | _aBibliografía. | ||
| 700 | 1 |
_aMachado, Antonio, _d1875-1939 _975151 |
|
| 700 | 1 |
_aChicharro, Dámaso. _9141126 |
|
| 740 | 0 | _aJuan de Mañara. | |
| 830 | 0 |
_aAustral. Literatura ; _v236 _9223392 |
|
| 852 | 4 |
_aES-MaACL _jE-12926 _9R.139242 _z. - Biblioteca Jacinto Martínez Lacalle |
|
| 999 |
_c172620 _d172620 |
||